<?xml version="1.0" encoding="UTF-8"?>
<record
    xmlns:xsi="http://www.w3.org/2001/XMLSchema-instance"
    xsi:schemaLocation="http://www.loc.gov/MARC21/slim http://www.loc.gov/standards/marcxml/schema/MARC21slim.xsd"
    xmlns="http://www.loc.gov/MARC21/slim">

  <leader>00535nam a22001937a 4500</leader>
  <datafield tag="999" ind1=" " ind2=" ">
    <subfield code="c">172968</subfield>
    <subfield code="d">172968</subfield>
  </datafield>
  <controlfield tag="005">20200217103626.0</controlfield>
  <datafield tag="010" ind1=" " ind2=" ">
    <subfield code="a">B-201037</subfield>
  </datafield>
  <datafield tag="020" ind1=" " ind2=" ">
    <subfield code="a">8123745591</subfield>
    <subfield code="c">110.00</subfield>
  </datafield>
  <datafield tag="035" ind1=" " ind2=" ">
    <subfield code="a">B-201037</subfield>
  </datafield>
  <datafield tag="037" ind1=" " ind2=" ">
    <subfield code="b">BPPD/Pub.</subfield>
  </datafield>
  <datafield tag="082" ind1=" " ind2=" ">
    <subfield code="a">&#x646;</subfield>
  </datafield>
  <datafield tag="100" ind1=" " ind2=" ">
    <subfield code="a">&#x67E;&#x631;&#x6CC;&#x645; &#x62E;&#x646;&#x62F;</subfield>
  </datafield>
  <datafield tag="245" ind1=" " ind2=" ">
    <subfield code="a">&#x62C;&#x627;&#x632;&#x627;&#x631; &#x62D;&#x633;&#x646; /</subfield>
    <subfield code="c">&#x67E;&#x631;&#x6CC;&#x645; &#x62E;&#x646;&#x62F;</subfield>
  </datafield>
  <datafield tag="246" ind1=" " ind2=" ">
    <subfield code="a">Bazar-E-Husn (Urdu) /</subfield>
    <subfield code="b">by Prem Chand</subfield>
  </datafield>
  <datafield tag="260" ind1=" " ind2=" ">
    <subfield code="a">New Delhi</subfield>
    <subfield code="b">National Book Trust</subfield>
    <subfield code="c">2005 &#x621;</subfield>
  </datafield>
  <datafield tag="270" ind1=" " ind2=" ">
    <subfield code="a">A-5, Green Park</subfield>
    <subfield code="b">New Delhi</subfield>
    <subfield code="e">110016</subfield>
  </datafield>
  <datafield tag="300" ind1=" " ind2=" ">
    <subfield code="a">305p.</subfield>
    <subfield code="c">22cm(Hb)</subfield>
  </datafield>
  <datafield tag="942" ind1=" " ind2=" ">
    <subfield code="2">ddc</subfield>
    <subfield code="c">UR</subfield>
    <subfield code="h">&#x646;</subfield>
    <subfield code="m">&#x67E; &#x631; &#x6D2;</subfield>
  </datafield>
  <datafield tag="952" ind1=" " ind2=" ">
    <subfield code="0">0</subfield>
    <subfield code="1">0</subfield>
    <subfield code="4">0</subfield>
    <subfield code="7">0</subfield>
    <subfield code="8">FIC</subfield>
    <subfield code="a">L</subfield>
    <subfield code="b">L</subfield>
    <subfield code="d">2020-02-17</subfield>
    <subfield code="e">BPPD/Ven.</subfield>
    <subfield code="g">110.00</subfield>
    <subfield code="l">3</subfield>
    <subfield code="m">2</subfield>
    <subfield code="o">&#x646; &#x67E; &#x631; &#x6D2;</subfield>
    <subfield code="p">B-201037</subfield>
    <subfield code="r">2023-06-21 00:00:00</subfield>
    <subfield code="s">2023-06-08</subfield>
    <subfield code="t">1</subfield>
    <subfield code="v">110.00</subfield>
    <subfield code="w">2020-02-17</subfield>
    <subfield code="y">UR</subfield>
  </datafield>
</record>
